000 00310nam a2200109Ia 4500
008 200302s9999 xx 000 0 und d
100 _aThomas Obermeyer
245 _aArchitectural Drafting Residential and Commercial Indian Edition
260 _bMcgraw Hill Eduction Pvt. Ltd.
260 _c2014
300 _a296 P
999 _c4238
_d4238